Protirečivý vplyv WikiLeaks na diplomaciu

Reakcia na zverejnenie sto tisícky tajných depeší internetovým portálom Wikileaks, ktoré sa uskutočnilo v roku 2010. Analýza dostupných názorov a záverov a zhodnotenie možných dôledkov pre dipolomaciu, ako i spoločnosť.Teoretické a empirické poznatky z odborných štúdií a prienik témy Wikileaks s p...

ver descrição completa

Na minha lista:
Detalhes bibliográficos
Autor principal: Meričková, Laura
Formato: Capítulo de Livro
Idioma:eslovaco
Assuntos:
Tags: Adicionar Tag
Sem tags, seja o primeiro a adicionar uma tag!

MARC

LEADER 00000nla a2200000 4500
001 0158220
005 20240502072746.0
041 0 |a slo 
044 |a SK 
245 1 0 |a Protirečivý vplyv WikiLeaks na diplomaciu  |c Laura Meričková 
520 |a Reakcia na zverejnenie sto tisícky tajných depeší internetovým portálom Wikileaks, ktoré sa uskutočnilo v roku 2010. Analýza dostupných názorov a záverov a zhodnotenie možných dôledkov pre dipolomaciu, ako i spoločnosť.Teoretické a empirické poznatky z odborných štúdií a prienik témy Wikileaks s problematikou vzťahu transparentnosti a diplomacie a zahraničnej politiky. 
610 2 0 |a politika medzinárodná 
610 2 0 |a vzťahy zahraničné 
610 2 0 |a diplomacia 
610 2 0 |a transparentnosť 
610 2 0 |a internet 
100 1 |a Meričková, Laura